WPP: perfil de personalidad laboral. Work Personality Profile
Guardat en:
| Autors principals: | , |
|---|---|
| Format: | Llibre |
| Idioma: | espanyol |
| Publicat: |
Barcelona
Dwarf
2014
|
| Edició: | 1a. ed |
| Matèries: | |
| Etiquetes: |
Afegir etiqueta
Sense etiquetes, Sigues el primer a etiquetar aquest registre!
|
MARC
| LEADER | 00000cam a2200000 a 4500 | ||
|---|---|---|---|
| 001 | UCD1062 | ||
| 003 | CL-VaPUC | ||
| 008 | 160107e20140000sp |||||||||||||||||spa|d | ||
| 020 | |a 97884817581605 | ||
| 082 | 0 | 4 | |a 361.06 |b BOL |2 21 |
| 100 | 0 | |a Bolton, Brian |e author |9 584142 | |
| 700 | 0 | |a Roessler, Richard |e author |9 584143 | |
| 245 | 1 | 0 | |a WPP: perfil de personalidad laboral. Work Personality Profile |
| 250 | |a 1a. ed | ||
| 300 | |a 35 p | ||
| 942 | |c BK | ||
| 945 | |d 20160107 17:52:00 |a dcastane | ||
| 260 | |a Barcelona |b Dwarf |c 2014 | ||
| 500 | |a Incluye 3 hojas de reporte, 3 hojas de registro de puntuaciones y 3 fichas de usuario | ||
| 650 | 0 | |a Problemas sociales |9 258537 | |
| 650 | 0 | |a Orientación profesional |9 308504 | |
| 583 | |a last modification |c 20160107 17:52:00 |k Rodrigo Vera | ||
| 999 | |c 362487 |d 362485 | ||
| 952 | |0 0 |1 0 |3 erb |4 0 |6 361_060000000000000_BOL_2014 |7 0 |8 R |9 473765 |a BIBEDU |b BIBEDU |c MCIRC |i 5258960 |o 361.06 BOL 2014 |p 5258960 |r 2023-01-13 |w 2019-11-24 |y BK_R |z Catalogado en:20160107 |k EDI | ||
| 952 | |0 0 |1 0 |3 erb |4 0 |6 361_060000000000000_BOL_2014 |7 0 |8 R |9 473766 |a BIBEDU |b BIBEDU |c MCIRC |i 5406919 |o 361.06 BOL 2014 |p 5406919 |r 2023-01-13 |w 2019-11-24 |y BK_R |z Catalogado en:20170709 |k EDI | ||